Historia de la crítica del arte: textos escogidos y comentados
Guardado en:
| Autor principal: | |
|---|---|
| Formato: | Libro |
| Lenguaje: | español |
| Publicado: |
Zaragoza
Prensas Universitarias de Zaragosa
2005
|
| Edición: | 1a. ed |
| Colección: | Documentos para el Estudio de la Historia del Arte, 1
|
| Materias: | |
| Etiquetas: |
Agregar Etiqueta
Sin Etiquetas, Sea el primero en etiquetar este registro!
|
MARC
| LEADER | 00000nam a2200000 a 4500 | ||
|---|---|---|---|
| 001 | UCI6889 | ||
| 003 | CL-VaPUC | ||
| 008 | 080530e20050000SP |||||||||||||||||spa|d | ||
| 020 | |a 8477337977 | ||
| 082 | 0 | 4 | |a 701.18 |b LOR |2 21 |
| 100 | |a Lorente, Jesús Pedro |e autor |9 587113 | ||
| 245 | 1 | 0 | |a Historia de la crítica del arte: textos escogidos y comentados |
| 250 | |a 1a. ed | ||
| 300 | |a 704 p | ||
| 942 | |c BK | ||
| 945 | |d 20080530 00:00:00 |a jtorresc | ||
| 260 | |a Zaragoza |b Prensas Universitarias de Zaragosa |c 2005 | ||
| 650 | 0 | |a Crítica de arte |9 334590 | |
| 650 | 0 | |a Historia del arte |9 314877 | |
| 650 | 0 | |a Antologías |9 309836 | |
| 583 | |a last modification |c 20170518 12:48:40 |k Rodrigo Vera | ||
| 490 | 0 | |a Documentos para el Estudio de la Historia del Arte, 1 | |
| 999 | |c 330335 |d 330333 | ||
| 952 | |0 0 |1 0 |4 0 |6 701_180000000000000_LOR_2005 |7 0 |8 R |9 415835 |a BIBART |b BIBART |d 2019-11-22 |i 4443853 |o 701.18 LOR 2005 |p 4443853 |r 2025-03-13 |w 2019-11-22 |y BK_R |k ART | ||